| 000 | 01391na a2200337 4500 | ||
|---|---|---|---|
| 001 | 19240 | ||
| 003 | MIRAKIL | ||
| 005 | 20181213155059.0 | ||
| 008 | 161212b tu 000 0 | ||
| 035 | _a19240 | ||
| 040 |
_aMilas _btur _cTR-AnCHP |
||
| 041 | _atur | ||
| 082 |
_aCHP 324.2172092 _bB29o 2005 |
||
| 090 | _aBROŞÜR 13 | ||
| 100 | _aBaykal, Deniz | ||
| 222 | _aCHP Genel Başkanı Deniz Baykal'ın konuşmaları | ||
| 245 |
_a19.09.2005 tarihinde CHP'nin çağrısı üzerine gerçekleşen olağanüstü TBMM toplantısında CHP Genel Başkanı Deniz Baykal'ın yaptığı konuşma _cDeniz Baykal |
||
| 246 | _a19.09.2005 tarihinde CHP'nin çağrısı üzerine gerçekleşen olağanüstü TBMM toplantısı konuşmaları | ||
| 260 |
_a[Ankara] _bCHP _c2005 |
||
| 300 |
_a40 s. _c21 sm. |
||
| 490 | _aCumhuriyet Halk Partisi yayınları | ||
| 500 | _aYapıt adı başında: 'Alo baba, arkadaşlarımın hepsi şehit oldu. Bende vuruldum. Vücudumu hissetmiyorum. Ben de şehit olacağım, hakkınızı helal edin. Annem üzülmesin.' | ||
| 600 |
_aBaykal, Deniz _cCHP Genel Başkanı _xKonuşmalar, 2005 _yTBMM toplantısı |
||
| 610 |
_aCHP _xSöylev ve demeçler |
||
| 650 |
_aCHP Genel başkanları _xKonuşmalar, 2005 |
||
| 657 | _aDeniz Baykalın konuşmaları | ||
| 710 | _aCHP | ||
| 830 | _aCHP yayınları | ||
| 942 |
_2dcc _cBKS |
||
| 999 |
_c6196 _d6196 |
||